| 000 -LEADER |
| fixed length control field |
01388nam a22002057a 4500 |
| 005 - DATE AND TIME OF LATEST TRANSACTION |
| control field |
20240223110242.0 |
| 008 - FIXED-LENGTH DATA ELEMENTS--GENERAL INFORMATION |
| fixed length control field |
240223b ||||| |||| 00| 0 eng d |
| 020 ## - INTERNATIONAL STANDARD BOOK NUMBER |
| International Standard Book Number |
9781444963441 |
| 040 ## - CATALOGING SOURCE |
| Transcribing agency |
KH8 |
| 082 ## - DEWEY DECIMAL CLASSIFICATION NUMBER |
| Classification number |
823.92 MAN |
| 100 ## - MAIN ENTRY--PERSONAL NAME |
| Personal name |
Mandanna, Sangu |
| Relator term |
Author |
| 245 ## - TITLE STATEMENT |
| Title |
Kiki Kallira breaks a kingdom |
| Statement of responsibility, etc. |
Sangu Mandanna |
| 260 ## - PUBLICATION, DISTRIBUTION, ETC. |
| Place of publication, distribution, etc. |
London, |
| Name of publisher, distributor, etc. |
Hodder Children's Books, |
| Date of publication, distribution, etc. |
2021 |
| 300 ## - PHYSICAL DESCRIPTION |
| Extent |
1 volume ; |
| Other physical details |
20 cm |
| 520 ## - SUMMARY, ETC. |
| Summary, etc. |
"Kiki Kallira has always been a worrier. Did she lock the front door? Is there a terrible reason her mum is late? Recently her anxiety has been getting out of control, but one thing that has always soothed her is drawing. Kiki's sketchbook is full of fantastical doodles of the Hindu myths and legends her mother has told her since she was tiny. One day, her sketchbook's calming effect is broken when her mythological characters begin springing to life and Kiki is pulled into the mystical world she drew. There, she discovers the band of rebel kids who protect the kingdom, as well as an ancient, monstrous god bent on total destruction. Kiki must overcome her fear and anxiety to save both worlds - the real and the imagined - from his wrath. But how can a girl armed with only a pencil defeat something so powerful?"--Publisher's description<br/> |
| 650 ## - SUBJECT ADDED ENTRY--TOPICAL TERM |
| Topical term or geographic name entry element |
Anxiety |
| 650 ## - SUBJECT ADDED ENTRY--TOPICAL TERM |
| Topical term or geographic name entry element |
Children's stories |
| 650 ## - SUBJECT ADDED ENTRY--TOPICAL TERM |
| Topical term or geographic name entry element |
Fantasy fiction |
| 942 ## - ADDED ENTRY ELEMENTS (KOHA) |
| Source of classification or shelving scheme |
|
| Koha item type |
Books - Fiction |